1000 câu hát đưa em ở Long An

Đã lưu trong:
書目詳細資料
主要作者: Trịnh Hùng
格式: 圖書
出版: H. ĐH Quốc gia Hà Nội 2010
主題:
標簽: 添加標簽
沒有標簽, 成為第一個標記此記錄!
Thư viện lưu trữ: Trung tâm Học liệu Lê Vũ Hùng, Trường Đại học Đồng Tháp
LEADER 00776pam a22002538a 4500
001 00019397
005 20171026081022.0
008 110506s2010 ||||||Viesd
041 0 # |a Vie 
082 1 4 |a 398.8  |b M458NG 
100 0 # |a Trịnh Hùng 
245 0 0 |a 1000 câu hát đưa em ở Long An  |c Trịnh Hùng 
260 # # |a H.  |b ĐH Quốc gia Hà Nội  |c 2010 
300 # # |a 233 tr.  |c 21 cm. 
500 # # |a Hội văn nghệ dân gian Việt Nam 
650 # 4 |a Hát ru 
650 # 4 |a Văn học dân gian 
653 # # |a Bài hát 
653 # # |a Long An 
653 # # |a Việt Nam 
852 # # |b Kho đọc  |j KD.0005304 
852 # # |j KD.0005304 
910 |d 06/05/2011 
980 # # |a Trung tâm Học liệu Lê Vũ Hùng, Trường Đại học Đồng Tháp